[Event "CRO-chT1B 32nd"]
[Site "Veli Losinj"]
[Date "2024.10.07"]
[Round "3.5"]
[White "Drmic, Tomislav"]
[Black "Zovko, Mario1"]
[Result "1-0"]
[WhiteElo "2290"]
[BlackElo "2291"]
[PlyCount "103"]
[EventDate "2024.10.05"]
[EventType "team-tourn"]
[EventRounds "9"]
[EventCountry "CRO"]
[SourceTitle "CB47_2024"]
[SourceDate "2024.11.20"]
[SourceVersion "1"]
[SourceVersionDate "2024.11.20"]
[SourceQuality "1"]
[WhiteTeam "Djakovo Limmont"]
[BlackTeam "Novo Virje Konaki"]
[WhiteTeamCountry "CRO"]
[BlackTeamCountry "CRO"]

1. d4 d5 2. Bf4 c5 3. e3 Nc6 4. c3 cxd4 5. exd4 Nf6 6. Bd3 Bg4 7. Ne2 e6 8. Qb3 Qd7 9. Ng3 Nh5 10. Be3 Bd6 11. Nd2 Rc8 12. Ndf1 Nf4 13. Bxf4 Bxf4 14. f3 Bf5 15. Nxf5 exf5 16. g3 Bh6 17. f4 0-0 18. Ne3 Ne7 19. Kf2 g6 20. Rae1 Bg7 21. Re2 Rfd8 22. Rhe1 Bf6 23. Nf1 a6 24. a4 Nc6 25. Nd2 Kg7 26. Nf3 Rc7 27. Qb6 Qd6 28. Bb1 h5 29. Kg2 Ne7 30. Qb3 Rb8 31. Ne5 b5 32. Nd3 Nc6 33. Ba2 Ne7 34. Nc5 Rc6 35. axb5 axb5 36. Qb4 Nc8 37. Nd3 Nb6 38. Re8 Rxe8 39. Rxe8 Nc4 40. Qxd6 Rxd6 41. Rb8 Nb6 42. Rb7 h4 43. Kf3 hxg3 44. hxg3 Re6 45. Ne5 Bxe5 46. dxe5 Kf8 47. Ke3 f6 48. Kd4 fxe5+ 49. fxe5 Rc6 50. Bxd5 Nxd5 51. Kxd5 Rc4 52. Kd6 1-0

[Event "CRO-chT1B 31st"]
[Site "Veli Losinj"]
[Date "2023.10.18"]
[Round "8.14"]
[White "Biti, Ozren"]
[Black "Drmic, Tomislav"]
[Result "1-0"]
[WhiteElo "2297"]
[BlackElo "2257"]
[PlyCount "81"]
[EventDate "2023.10.11"]
[EventType "team-tourn"]
[EventRounds "9"]
[EventCountry "CRO"]
[SourceTitle "CBM 216 Extra"]
[Source "ChessBase"]
[SourceDate "2023.11.30"]
[SourceVersion "1"]
[SourceVersionDate "2023.11.30"]
[SourceQuality "1"]
[WhiteTeam "Zagreb Novi Zagreb"]
[BlackTeam "Djakovo Djakovo"]
[WhiteTeamCountry "CRO"]
[BlackTeamCountry "CRO"]

1. e4 e6 2. d3 d5 3. Qe2 Nc6 4. Nf3 e5 5. c3 Be6 6. Nbd2 Nf6 7. g3 h6 8. Bg2 d4 9. 0-0 Qd7 10. cxd4 exd4 11. a3 a5 12. b3 Bc5 13. Bb2 0-0 14. Rfc1 Ba7 15. Nc4 Nh7 16. Nh4 b5 17. Nd2 Rae8 18. f4 f6 19. Ng6 Rf7 20. Qh5 f5 21. exf5 Rxf5 22. Bxc6 Qxc6 23. Rxc6 Rxh5 24. Re1 Bf7 25. Rxe8+ Bxe8 26. Ne7+ Kf8 27. Rxc7 Bb6 28. Rb7 Bd8 29. Nc8 Rc5 30. Nd6 Rc2 31. Bxd4 Rxd2 32. Bxg7+ Kg8 33. Nxe8 Rxd3 34. Be5 Rxb3 35. Rg7+ Kf8 36. Nd6 Rxa3 37. Rf7+ Kg8 38. Rg7+ Kf8 39. Rxh7 b4 40. Rf7+ Kg8 41. Rb7 1-0

[Event "CRO-chT1B 31st"]
[Site "Veli Losinj"]
[Date "2023.10.12"]
[Round "2.1"]
[White "Muha, Miljenko"]
[Black "Drmic, Tomislav"]
[Result "0-1"]
[WhiteElo "2276"]
[BlackElo "2257"]
[PlyCount "92"]
[EventDate "2023.10.11"]
[EventType "team-tourn"]
[EventRounds "9"]
[EventCountry "CRO"]
[SourceTitle "EXT 2025"]
[Source "ChessBase"]
[SourceDate "2024.10.14"]
[SourceVersion "1"]
[SourceVersionDate "2024.10.14"]
[SourceQuality "1"]
[WhiteTeam "Split Brda"]
[BlackTeam "Djakovo Djakovo"]
[WhiteTeamCountry "CRO"]
[BlackTeamCountry "CRO"]

1. e4 e6 2. d4 d5 3. e5 Qd7 4. c3 b6 5. Nf3 Ne7 6. Nbd2 c5 7. h4 h5 8. a4 Ba6 9. Bxa6 Nxa6 10. Qe2 Nb8 11. a5 Qc6 12. Nf1 c4 13. Ng3 b5 14. 0-0 Qc7 15. b3 a6 16. Ba3 cxb3 17. Bd6 Qc4 18. Qe3 Nd7 19. Nd2 Qc8 20. Nxb3 g6 21. Nc1 Ng8 22. Bxf8 Kxf8 23. Nce2 Qd8 24. Qf4 Nh6 25. Rfd1 Nb8 26. Nc1 Kg7 27. Rd3 Nd7 28. Nce2 Qe7 29. Nf1 Rhc8 30. Neg3 Rab8 31. Rb1 Rc4 32. Rf3 Rbc8 33. Nxh5+ gxh5 34. Ng3 Rxc3 35. Nxh5+ Kh7 36. Nf6+ Nxf6 37. exf6 Qf8 38. Rb3 Rxb3 39. Rxb3 Nf5 40. g4 Qh6 41. g5 Qh5 42. Kh2 Qd1 43. h5 Qxb3 44. g6+ fxg6 45. Qg5 gxh5 46. Qxh5+ Nh6 0-1

[Event "CRO-chT1B 30th"]
[Site "Porec"]
[Date "2022.09.25"]
[Round "2.23"]
[White "Muha, Miljenko"]
[Black "Drmic, Tomislav"]
[Result "1-0"]
[WhiteElo "2298"]
[BlackElo "2254"]
[PlyCount "57"]
[EventDate "2022.09.24"]
[EventType "team-tourn"]
[EventRounds "9"]
[EventCountry "CRO"]
[SourceTitle "CBM 210 Extra"]
[Source "ChessBase"]
[SourceDate "2022.11.30"]
[SourceVersion "1"]
[SourceVersionDate "2022.11.30"]
[SourceQuality "1"]
[WhiteTeam "Split Brda"]
[BlackTeam "Djakovo Limmont"]
[WhiteTeamCountry "CRO"]
[BlackTeamCountry "CRO"]

1. d4 e6 2. c4 Nf6 3. Nf3 b6 4. e3 Bb7 5. Bd3 d5 6. b3 Bd6 7. 0-0 0-0 8. Bb2 Qe7 9. Nbd2 Ne4 10. Qc2 f5 11. Ne5 Nxd2 12. Qxd2 Nd7 13. cxd5 exd5 14. f4 a5 15. a4 Ba6 16. Bxa6 Rxa6 17. Qd3 Raa8 18. Rac1 Qe6 19. Rc6 Nb8 20. Rc2 Na6 21. Rd2 Bxe5 22. dxe5 Rfd8 23. g4 fxg4 24. f5 Qh6 25. f6 gxf6 26. Rxf6 Qh4 27. e6 d4 28. Rdf2 dxe3 29. Rg6+ 1-0

[Event "CRO-chT1B 29th"]
[Site "Mali Losinj"]
[Date "2021.10.01"]
[Round "9.64"]
[White "Drmic, Tomislav"]
[Black "Separovic, Tomislav"]
[Result "1/2-1/2"]
[WhiteElo "2257"]
[BlackElo "2112"]
[PlyCount "62"]
[EventDate "2021.09.25"]
[EventType "team-tourn"]
[EventRounds "11"]
[EventCountry "CRO"]
[SourceTitle "CBM 204 Extra"]
[Source "ChessBase"]
[SourceDate "2021.11.30"]
[SourceVersion "1"]
[SourceVersionDate "2021.11.30"]
[SourceQuality "1"]
[WhiteTeam "Djakovo Limmont"]
[BlackTeam "Dubrovnik"]
[WhiteTeamCountry "CRO"]
[BlackTeamCountry "CRO"]

1. d4 d5 2. Bf4 c5 3. e3 Nc6 4. Nc3 cxd4 5. exd4 a6 6. Nf3 Bg4 7. h3 Bh5 8. g4 Bg6 9. Bd3 e6 10. Qe2 Rc8 11. 0-0-0 Bb4 12. Bd2 Nge7 13. Kb1 b5 14. Qe3 Qb6 15. Ne2 Bd6 16. Ne1 b4 17. f4 Kd7 18. Nf3 Bxd3 19. Qxd3 f6 20. Rhe1 h5 21. Qe3 hxg4 22. hxg4 Rce8 23. Ng3 Ng6 24. Nh5 Rhg8 25. Qd3 Nf8 26. f5 Qb5 27. fxe6+ Rxe6 28. Rxe6 Nxe6 29. Qf5 Ne7 30. Qd3 Qxd3 31. cxd3 Nc6 1/2-1/2

[Event "CRO-chT1B 29th"]
[Site "Mali Losinj"]
[Date "2021.09.26"]
[Round "3.3"]
[White "Drmic, Tomislav"]
[Black "Safar, Sandro"]
[Result "0-1"]
[WhiteElo "2257"]
[BlackElo "2240"]
[PlyCount "92"]
[EventDate "2021.09.25"]
[EventType "team-tourn"]
[EventRounds "11"]
[EventCountry "CRO"]
[SourceTitle "CBM 204 Extra"]
[Source "ChessBase"]
[SourceDate "2021.11.30"]
[SourceVersion "1"]
[SourceVersionDate "2021.11.30"]
[SourceQuality "1"]
[WhiteTeam "Djakovo Limmont"]
[BlackTeam "Rijeka Junior"]
[WhiteTeamCountry "CRO"]
[BlackTeamCountry "CRO"]

1. d4 e6 2. e3 f5 3. b3 Nf6 4. Bb2 Be7 5. Bd3 b6 6. Nd2 Bb7 7. f3 a5 8. Qe2 a4 9. c4 0-0 10. Nh3 Nh5 11. 0-0 Bb4 12. a3 Bxd2 13. Qxd2 axb3 14. e4 f4 15. Qc3 d6 16. Qxb3 Qe7 17. Rac1 Nd7 18. Bb1 Kh8 19. Nf2 e5 20. Nd3 c5 21. dxe5 dxe5 22. Qc3 Rae8 23. Rfd1 Bc6 24. Rd2 Rf6 25. Rcd1 Rd6 26. Ne1 Rd4 27. Ba2 Qh4 28. Qc2 Ba4 29. Qc1 Bxd1 30. Rxd1 Rxd1 31. Qxd1 Nb8 32. Bc3 Qe7 33. Qa4 Nf6 34. Qb5 Nfd7 35. Bb3 Qd6 36. Ba4 h6 37. Kf2 Re6 38. g3 fxg3+ 39. hxg3 Rg6 40. Qb2 Qe6 41. Ng2 Qxc4 42. Bb3 Qd3 43. Bd5 Nc6 44. Ne1 Qd1 45. Qb5 Nd4 46. Bc4 Nxb5 0-1

[Event "CRO-chT1A 28th"]
[Site "Mali Losinj"]
[Date "2019.10.05"]
[Round "8.46"]
[White "Brulic, Denis"]
[Black "Drmic, Tomislav"]
[Result "1/2-1/2"]
[WhiteElo "2230"]
[BlackElo "2224"]
[PlyCount "45"]
[EventDate "2019.09.28"]
[EventType "team-tourn"]
[EventRounds "9"]
[EventCountry "CRO"]
[SourceTitle "EXT 2020"]
[Source "ChessBase"]
[SourceDate "2019.10.17"]
[SourceVersion "1"]
[SourceVersionDate "2019.10.17"]
[SourceQuality "1"]
[WhiteTeam "Split Mornar"]
[BlackTeam "Dakovo Limont"]
[WhiteTeamCountry "CRO"]
[BlackTeamCountry "CRO"]

1. Nf3 d5 2. e3 Bf5 3. c4 e6 4. Nc3 c6 5. d4 Nf6 6. Bd3 dxc4 7. Bxc4 Be7 8. 0-0 0-0 9. Re1 Nbd7 10. e4 Bg4 11. Be2 c5 12. Be3 cxd4 13. Nxd4 Bxe2 14. Qxe2 Bb4 15. f3 Rc8 16. Rec1 a6 17. Nd1 Qe7 18. Nf2 Rfd8 19. Rxc8 Rxc8 20. Rc1 Rxc1+ 21. Bxc1 Bc5 22. Be3 Qd6 23. Nb3 1/2-1/2

[Event "CRO-chT1A 28th"]
[Site "Mali Losinj"]
[Date "2019.10.01"]
[Round "4.56"]
[White "Drmic, Tomislav"]
[Black "Jukic, Zdenko"]
[Result "1-0"]
[WhiteElo "2224"]
[BlackElo "2305"]
[PlyCount "63"]
[EventDate "2019.09.28"]
[EventType "team-tourn"]
[EventRounds "9"]
[EventCountry "CRO"]
[SourceTitle "EXT 2020"]
[Source "ChessBase"]
[SourceDate "2019.10.17"]
[SourceVersion "1"]
[SourceVersionDate "2019.10.17"]
[SourceQuality "1"]
[WhiteTeam "Dakovo Limont"]
[BlackTeam "Vukovar"]
[WhiteTeamCountry "CRO"]
[BlackTeamCountry "CRO"]

1. d4 Nf6 2. Bf4 d5 3. e3 e6 4. Nc3 c6 5. Bd3 Bd6 6. Qf3 Bxf4 7. Qxf4 Nbd7 8. Nf3 Nh5 9. Qd6 Qe7 10. Qc7 f5 11. h3 Nhf6 12. 0-0-0 0-0 13. Rdg1 c5 14. g4 c4 15. Be2 Ne4 16. gxf5 Nxc3 17. bxc3 Rxf5 18. Rg2 g6 19. Rhg1 Qa3+ 20. Kd2 Nf6 21. Rxg6+ hxg6 22. Rxg6+ Kf8 23. Qg7+ Ke8 24. Rxf6 Rxf6 25. Qxf6 Qe7 26. Qe5 b5 27. Ng5 b4 28. Bg4 bxc3+ 29. Ke2 a5 30. Nxe6 Bxe6 31. Bxe6 Ra6 32. Qb8+ 1-0

[Event "CRO-chT1A 28th"]
[Site "Mali Losinj"]
[Date "2019.09.29"]
[Round "2.46"]
[White "Drmic, Tomislav"]
[Black "Feletar, Darko"]
[Result "1-0"]
[WhiteElo "2224"]
[BlackElo "2356"]
[PlyCount "53"]
[EventDate "2019.09.28"]
[EventType "team-tourn"]
[EventRounds "9"]
[EventCountry "CRO"]
[SourceTitle "EXT 2020"]
[Source "ChessBase"]
[SourceDate "2019.10.17"]
[SourceVersion "1"]
[SourceVersionDate "2019.10.17"]
[SourceQuality "1"]
[WhiteTeam "Dakovo Limont"]
[BlackTeam "Osijek Ferit"]
[WhiteTeamCountry "CRO"]
[BlackTeamCountry "CRO"]

1. d4 Nf6 2. Nc3 d5 3. Bf4 c6 4. Nf3 Bf5 5. e3 e6 6. Ne5 h6 7. Bd3 Bxd3 8. Qxd3 Qa5 9. 0-0 Be7 10. e4 0-0 11. Bd2 Qd8 12. f4 dxe4 13. Nxe4 Nbd7 14. Nxf6+ Nxf6 15. b4 Qd6 16. Rae1 Rad8 17. c3 b6 18. f5 exf5 19. Rxf5 Nd5 20. Ref1 Nf6 21. Qf3 Rc8 22. Qh3 Kh7 23. g4 Qe6 24. g5 Ne8 25. gxh6 Bf6 26. hxg7+ Kxg7 27. Qg3+ 1-0

[Event "CRO-chT1A 28th"]
[Site "Mali Losinj"]
[Date "2019.09.28"]
[Round "1.36"]
[White "Plenca, Jadranko"]
[Black "Drmic, Tomislav"]
[Result "1/2-1/2"]
[WhiteElo "2469"]
[BlackElo "2224"]
[PlyCount "134"]
[EventDate "2019.09.28"]
[EventType "team-tourn"]
[EventRounds "9"]
[EventCountry "CRO"]
[SourceTitle "EXT 2020"]
[Source "ChessBase"]
[SourceDate "2019.10.17"]
[SourceVersion "1"]
[SourceVersionDate "2019.10.17"]
[SourceQuality "1"]
[WhiteTeam "Rijeka Liburnija"]
[BlackTeam "Dakovo Limont"]
[WhiteTeamCountry "CRO"]
[BlackTeamCountry "CRO"]

1. e4 e6 2. d4 d5 3. Nc3 Bb4 4. Nge2 dxe4 5. a3 Bxc3+ 6. Nxc3 Nc6 7. d5 Nce7 8. Qg4 Kf8 9. dxe6 Nf6 10. Qg3 Bxe6 11. Bg5 Nf5 12. Qe5 Qd4 13. Qxd4 Nxd4 14. 0-0-0 Rd8 15. Bxf6 gxf6 16. Nxe4 Kg7 17. Bd3 Rhe8 18. Rhe1 f5 19. Ng3 Kf6 20. h4 Rd6 21. Nh5+ Kg6 22. Nf4+ Kf6 23. Re3 Red8 24. Rde1 c5 25. Rg3 b5 26. Nh5+ Ke7 27. Rg7 c4 28. Bf1 Rh8 29. Nf4 Kf6 30. Nxe6 Rxe6 31. Rxe6+ Nxe6 32. Rg3 f4 33. Rf3 Ke5 34. g3 Rg8 35. Kd2 Rd8+ 36. Kc3 Rd1 37. Bg2 Nd4 38. gxf4+ Kd6 39. Re3 a5 40. Re5 Kc7 41. a4 f6 42. Re4 b4+ 43. Kxc4 Nxc2 44. Kb5 Rd2 45. Rc4+ Kd6 46. Be4 b3 47. Kxa5 f5 48. Bb7 Ne1 49. Rc6+ Kd7 50. Kb6 Rxb2 51. Rc1 Nc2 52. a5 Ra2 53. Bd5 Nb4 54. Bg8 Rxf2 55. Kb5 Rxf4 56. Bxb3 Nd3 57. Rc4 Rxc4 58. Bxc4 Ne5 59. Be6+ Kc7 60. Bxf5 Nf3 61. Bxh7 Nd4+ 62. Kc5 Nb3+ 63. Kb4 Nxa5 64. Kxa5 Kd6 65. h5 Ke7 66. h6 Kf6 67. Bf5 Kf7 1/2-1/2

[Event "Osijek-Baranja CupT 11th"]
[Site "Nasice"]
[Date "2018.02.17"]
[Round "3.1"]
[White "Runic, Zoran"]
[Black "Drmic, Tomislav"]
[Result "1-0"]
[WhiteElo "2378"]
[BlackElo "2259"]
[PlyCount "100"]
[EventDate "2018.02.16"]
[EventType "team-swiss"]
[EventRounds "5"]
[EventCountry "CRO"]
[SourceTitle "EXT 2023"]
[Source "ChessBase"]
[SourceDate "2022.10.05"]
[SourceVersion "1"]
[SourceVersionDate "2022.10.05"]
[SourceQuality "1"]
[WhiteTeam "Osijek 2017"]
[BlackTeam "Nasice Slavonac"]
[WhiteTeamCountry "CRO"]
[BlackTeamCountry "CRO"]

1. e4 e6 2. d4 d5 3. Bd3 dxe4 4. Bxe4 Nf6 5. Bf3 c5 6. Ne2 Nc6 7. Be3 cxd4 8. Nxd4 Ne5 9. Be2 Nd5 10. Bc1 Bc5 11. Nb3 Bb6 12. 0-0 0-0 13. c4 Nb4 14. c5 Bc7 15. Nc3 Qe7 16. Be3 Rd8 17. Qb1 Nd5 18. Nxd5 exd5 19. Qc2 Ng4 20. Bxg4 Bxg4 21. Nd4 Rac8 22. Rfe1 Qh4 23. g3 Qh5 24. f4 Ba5 25. Bd2 Bxd2 26. Qxd2 Rxc5 27. Re7 Bd7 28. Rae1 Qg4 29. Qe3 Rcc8 30. f5 h6 31. b3 Re8 32. Qf2 Rxe7 33. Rxe7 Bc6 34. f6 Qg5 35. Re3 Qxf6 36. Qxf6 gxf6 37. Rf3 Bd7 38. Rxf6 Rc1+ 39. Kf2 Kg7 40. Rd6 Bg4 41. h4 Rc5 42. Ke3 a5 43. Kf4 Bc8 44. a4 Rc3 45. Rxd5 Kf6 46. Rxa5 Rd3 47. Rd5 Be6 48. Rd8 Bxb3 49. g4 Be6 50. Nxe6 Rc3 1-0

[Event "CRO Cup"]
[Site "Mali Losinj"]
[Date "2017.05.12"]
[Round "4.10"]
[White "Bender, Ivan"]
[Black "Drmic, Tomislav"]
[Result "1-0"]
[WhiteElo "2248"]
[BlackElo "2247"]
[PlyCount "105"]
[EventDate "2017.05.10"]
[EventType "team-swiss"]
[EventRounds "6"]
[EventCountry "CRO"]
[SourceTitle "CBM 178 Extra"]
[Source "ChessBase"]
[SourceDate "2017.06.22"]
[SourceVersion "1"]
[SourceVersionDate "2017.06.22"]
[SourceQuality "1"]
[WhiteTeam "Dubrovnik"]
[BlackTeam "Nasice Slavonac"]
[WhiteTeamCountry "CRO"]
[BlackTeamCountry "CRO"]

1. e4 e6 2. d4 d5 3. Nc3 Bb4 4. e5 b6 5. a3 Bf8 6. Nf3 Ne7 7. Bf4 Qd7 8. Qd2 Ba6 9. Bxa6 Nxa6 10. Ne2 c5 11. c3 Rc8 12. 0-0 c4 13. Ng3 Nb8 14. Nh5 Ng8 15. Bg5 Nc6 16. h3 h6 17. Bh4 g6 18. Bf6 Rh7 19. Qc2 Be7 20. Bxe7 Qxe7 21. Nf4 Rh8 22. Nd2 Na5 23. b3 cxb3 24. Nxb3 Nc4 25. Nd2 Kf8 26. Nxc4 Rxc4 27. a4 Kg7 28. Qd3 Qc7 29. Ne2 h5 30. g3 Nh6 31. f4 Rc8 32. Kg2 Qd8 33. Ra2 R8c6 34. Rb1 Qc8 35. Rb3 Qd8 36. Rba3 Ng8 37. Rb3 Rc8 38. g4 hxg4 39. hxg4 Ne7 40. Ra1 Nc6 41. Rh1 Ne7 42. Qh3 Qh8 43. Qe3 Qg8 44. a5 Rb8 45. axb6 a5 46. f5 Kf8 47. f6 Nc6 48. Qc1 Ke8 49. Qa3 Rb7 50. Rb5 Kd7 51. Qd6+ Kc8 52. Rc5 Rxb6 53. Rb1 1-0

[Event "CRO Cup"]
[Site "Mali Losinj"]
[Date "2017.05.11"]
[Round "2.10"]
[White "Popovic, Ivo"]
[Black "Drmic, Tomislav"]
[Result "0-1"]
[WhiteElo "2172"]
[BlackElo "2247"]
[PlyCount "112"]
[EventDate "2017.05.10"]
[EventType "team-swiss"]
[EventRounds "6"]
[EventCountry "CRO"]
[SourceTitle "CBM 178 Extra"]
[Source "ChessBase"]
[SourceDate "2017.06.22"]
[SourceVersion "1"]
[SourceVersionDate "2017.06.22"]
[SourceQuality "1"]
[WhiteTeam "Omis"]
[BlackTeam "Nasice Slavonac"]
[WhiteTeamCountry "CRO"]
[BlackTeamCountry "CRO"]

1. d4 d5 2. Nf3 Nf6 3. g3 e6 4. Bg2 c5 5. 0-0 Nc6 6. c3 Be7 7. dxc5 Bxc5 8. Nbd2 0-0 9. Nb3 Bb6 10. Bg5 h6 11. Bf4 Re8 12. Ne5 Nd7 13. Nxd7 Bxd7 14. e4 dxe4 15. Bxe4 e5 16. Be3 Bxe3 17. fxe3 Qe7 18. Bd5 Be6 19. Bxe6 Qxe6 20. e4 Rad8 21. Qe2 Rd6 22. Rad1 Red8 23. Rxd6 Qxd6 24. Qf3 Rd7 25. Rf2 Nd8 26. Rd2 Qb6+ 27. Rf2 Ne6 28. Kg2 a5 29. Qf5 Qc7 30. Nd2 Nc5 31. Nf3 Nd3 32. Re2 Rd6 33. Nxe5 g6 34. Nxg6 Rxg6 35. e5 Qc4 36. Re4 Qe6 37. Qf3 Nc5 38. Rf4 Qxa2 39. Rf6 Rxf6 40. exf6 Qe6 41. b4 Qe4 42. bxa5 Qxf3+ 43. Kxf3 Nb3 44. h4 Nxa5 45. h5 Nc6 46. Ke4 b5 47. Kd5 b4 48. cxb4 Nxb4+ 49. Ke4 Nc6 50. g4 Nd8 51. Ke5 Ne6 52. Kd6 Kf8 53. Kd7 Ng5 54. Kd6 Ke8 55. Kd5 Kd7 56. Ke5 Kc6 0-1

[Event "CRO Cup"]
[Site "Mali Losinj"]
[Date "2016.05.05"]
[Round "3.43"]
[White "Drmic, Tomislav"]
[Black "Dutina, Dario"]
[Result "1-0"]
[WhiteElo "2224"]
[BlackElo "2333"]
[PlyCount "121"]
[EventDate "2016.05.04"]
[EventType "team-swiss"]
[EventRounds "6"]
[EventCountry "CRO"]
[SourceTitle "CBM 172 Extra"]
[Source "ChessBase"]
[SourceDate "2016.06.21"]
[SourceVersion "1"]
[SourceVersionDate "2016.06.21"]
[SourceQuality "1"]
[WhiteTeam "Djakovo Limmont"]
[BlackTeam "Sesvete Sljeme"]
[WhiteTeamCountry "CRO"]
[BlackTeamCountry "CRO"]

1. e4 e5 2. Nf3 Nc6 3. Bc4 Nf6 4. d3 Bc5 5. 0-0 0-0 6. c3 d6 7. h3 Bb6 8. Bb3 Kh8 9. Nbd2 Ng8 10. Nc4 f5 11. Nxb6 axb6 12. Ng5 Qe8 13. exf5 Bxf5 14. g4 Bd7 15. f4 h6 16. Ne4 Qg6 17. Ng3 exf4 18. Bxf4 Nf6 19. d4 Ne7 20. Bc2 Qf7 21. Qd3 Qg8 22. Rae1 Ned5 23. Bd2 b5 24. a3 Rae8 25. Nf5 Rxe1 26. Bxe1 Re8 27. Nh4 Qe6 28. Bd2 Bc6 29. b3 Qe2 30. Re1 Qxd3 31. Rxe8+ Bxe8 32. Bxd3 Kg8 33. Nf5 Kf8 34. Kf2 Ne7 35. Nxe7 Kxe7 36. c4 bxc4 37. bxc4 Bd7 38. Kg3 Be6 39. Bc3 Bxc4 40. Bc2 Be6 41. Bd2 Kd7 42. Kf4 Nd5+ 43. Kf3 Nb6 44. h4 Nc4 45. Bc1 Kc6 46. Be4+ d5 47. Bd3 Nd6 48. Bf4 Bf7 49. h5 Kd7 50. Be5 Ne8 51. Kf4 Be6 52. Bg6 Nf6 53. g5 hxg5+ 54. Kxg5 Ne8 55. Bxg7 Nxg7 56. h6 Bg8 57. Bf7 Ne6+ 58. Kf6 Bh7 59. Bxe6+ Kd6 60. Bf5 Bg8 61. Kg7 1-0

[Event "Bosnjaci op 21st"]
[Site "Bosnjaci"]
[Date "2016.01.07"]
[Round "7"]
[White "Drmic, Tomislav"]
[Black "Tomas, Ante"]
[Result "1-0"]
[WhiteElo "2244"]
[BlackElo "2046"]
[PlyCount "105"]
[EventDate "2016.01.03"]
[EventType "swiss"]
[EventRounds "9"]
[EventCountry "CRO"]
[SourceTitle "CBM 170 Extra"]
[Source "ChessBase"]
[SourceDate "2016.02.25"]
[SourceVersion "1"]
[SourceVersionDate "2016.02.25"]
[SourceQuality "1"]

1. e4 c5 2. d3 Nc6 3. f4 d5 4. exd5 Qxd5 5. Nc3 Qd8 6. Nf3 Nf6 7. Be2 e6 8. 0-0 Be7 9. Ng5 0-0 10. Qe1 Nd4 11. Bd1 b6 12. Nce4 Bb7 13. c3 Nf5 14. Bf3 Rb8 15. Nf2 Ba6 16. Nxe6 fxe6 17. Qxe6+ Kh8 18. Qxf5 Re8 19. Qh3 Bd6 20. g4 Qd7 21. Qh4 Bb7 22. Bxb7 Qxb7 23. g5 Ng8 24. Ne4 Qd5 25. Rf3 g6 26. b3 b5 27. Qf2 Bf8 28. c4 bxc4 29. Bb2+ Bg7 30. Nf6 Bxf6 31. gxf6 Qf7 32. dxc4 Rbc8 33. Rd1 Nxf6 34. Qh4 Rc6 35. Rfd3 Kg8 36. Rd8 Kg7 37. Qh3 Rxd8 38. Rxd8 Re6 39. Be5 Re7 40. Qc3 Re6 41. a3 Qe7 42. Rc8 Kh6 43. Qe3 Qd7 44. f5+ Kg7 45. fxe6 Qxc8 46. Bc3 Qe8 47. Qe5 Qe7 48. b4 cxb4 49. axb4 Qd8 50. Qd5 Qb6+ 51. c5 Qa6 52. Qe5 Qd3 53. Qxf6+ 1-0

[Event "Bosnjaci op 21st"]
[Site "Bosnjaci"]
[Date "2016.01.06"]
[Round "5"]
[White "Drmic, Tomislav"]
[Black "Tomljenovic, Mile"]
[Result "1-0"]
[WhiteElo "2244"]
[BlackElo "1787"]
[PlyCount "61"]
[EventDate "2016.01.03"]
[EventType "swiss"]
[EventRounds "9"]
[EventCountry "CRO"]
[SourceTitle "CBM 170 Extra"]
[Source "ChessBase"]
[SourceDate "2016.02.25"]
[SourceVersion "1"]
[SourceVersionDate "2016.02.25"]
[SourceQuality "1"]

1. e4 e5 2. c4 Nc6 3. d3 Bc5 4. Nc3 d6 5. Be3 Nd4 6. Nge2 Nf6 7. a3 Ng4 8. Bxd4 Bxd4 9. Nxd4 exd4 10. Nd5 c6 11. Nf4 Qf6 12. Qd2 g5 13. Nh5 Qg6 14. Ng3 Bd7 15. h4 gxh4 16. Rxh4 Ne5 17. Rh6 Qg7 18. Rxd6 0-0-0 19. Qh6 Qxh6 20. Rxh6 Ng4 21. Rh4 Rde8 22. Be2 Ne5 23. 0-0-0 Ng6 24. Rh6 Be6 25. Rdh1 Nf4 26. Bf1 b5 27. cxb5 cxb5 28. Nh5 Ng6 29. g3 Bb3 30. Nf6 Re6 31. Bh3 1-0

[Event "Bosnjaci op 21st"]
[Site "Bosnjaci"]
[Date "2016.01.03"]
[Round "1"]
[White "Drmic, Tomislav"]
[Black "Bogdanic, Katarina"]
[Result "0-1"]
[WhiteElo "2244"]
[BlackElo "1710"]
[PlyCount "144"]
[EventDate "2016.01.03"]
[EventType "swiss"]
[EventRounds "9"]
[EventCountry "CRO"]
[SourceTitle "CBM 170 Extra"]
[Source "ChessBase"]
[SourceDate "2016.02.25"]
[SourceVersion "1"]
[SourceVersionDate "2016.02.25"]
[SourceQuality "1"]

1. e4 c5 2. c3 Nf6 3. Bd3 e6 4. f4 Nc6 5. Nf3 Be7 6. 0-0 d6 7. Bc2 0-0 8. a3 c4 9. d4 cxd3 10. Qxd3 Re8 11. b4 b6 12. c4 Bb7 13. Bb2 Nd7 14. e5 Nf8 15. Rd1 dxe5 16. Qc3 Qc7 17. fxe5 Rad8 18. Nbd2 a5 19. bxa5 Nxa5 20. Rac1 Nc6 21. Ne4 Na5 22. Nd6 Qc5+ 23. Kh1 Bxd6 24. exd6 f6 25. Ba4 Nd7 26. Qb4 Bc6 27. Bb5 e5 28. Bc3 Bxb5 29. cxb5 Qxb4 30. Bxb4 Nb3 31. Rc6 Rc8 32. Rb1 Nd4 33. Nxd4 exd4 34. Rbc1 Rb8 35. Rd1 Ra8 36. h3 Re4 37. Rc7 Rd8 38. Rb7 Kf7 39. Kg1 Ke6 40. Kf2 Rc8 41. Rc7 Re8 42. Rd2 Rf4+ 43. Kg3 Re4 44. Kf3 f5 45. Kf2 g5 46. Ra2 h5 47. Re2 Rf8 48. Rec2 Re8 49. R2c6 Rb8 50. Ra7 d3 51. Rc3 Re2+ 52. Kf1 Re3 53. Rcc7 Rd8 54. Bd2 Rg3 55. Kf2 h4 56. Rc6 Kd5 57. Rcc7 Ke6 58. a4 Nf6 59. a5 Ne4+ 60. Ke1 Rxg2 61. Re7+ Kd5 62. Rxe4 Kxe4 63. axb6 Kf3 64. Bb4 Re8+ 65. Re7 Rc8 66. Kd1 Ra8 67. Ra7 Re8 68. Re7 Ra8 69. Bc3 Ra3 70. d7 Rb3 71. Bd2 Rb1+ 72. Bc1 d2 0-1

[Event "CRO-chT1B 24th"]
[Site "Bol"]
[Date "2015.10.06"]
[Round "4.46"]
[White "Malenica, Mario"]
[Black "Drmic, Tomislav"]
[Result "1/2-1/2"]
[WhiteElo "2199"]
[BlackElo "2290"]
[PlyCount "61"]
[EventDate "2015.10.03"]
[EventType "team-tourn"]
[EventRounds "9"]
[EventCountry "CRO"]
[SourceTitle "CBM 168 Extra"]
[Source "ChessBase"]
[SourceDate "2015.10.29"]
[SourceVersion "1"]
[SourceVersionDate "2015.10.29"]
[SourceQuality "1"]
[WhiteTeam "Sibenik"]
[BlackTeam "Djakovo Limmont"]
[WhiteTeamCountry "CRO"]
[BlackTeamCountry "CRO"]

1. Nf3 d5 2. g3 g6 3. Bg2 Bg7 4. 0-0 Nf6 5. d4 0-0 6. c4 c6 7. cxd5 cxd5 8. Nc3 Nc6 9. b3 b6 10. Bb2 Bb7 11. Rc1 Rc8 12. h3 h6 13. a3 a6 14. b4 b5 15. e3 e6 16. Kh2 Kh7 17. Qe2 Kg8 18. Kg1 Kh7 19. Rfd1 Kg8 20. Kh2 Kh7 21. Ba1 Kg8 22. Ne1 Kh7 23. Bb2 Ne8 24. Qf3 Nf6 25. Qe2 Kg8 26. Nf3 Kh7 27. Nd2 Ne8 28. Rf1 Nd6 29. Ba1 Kg8 30. Bb2 Kh7 31. f4 1/2-1/2